[Event "ch-FRA w 2011"]
[Site "Caen FRA"]
[Date "2011.08.26"]
[Round "10"]
[White "Bollengier,Andreea"]
[Black "Leconte,M"]
[Result "1-0"]
[WhiteElo "2207"]
[BlackElo "2327"]

1.c4 e6 2.Nf3 d5 3.g3 d4 4.e3 c5 5.exd4 cxd4 6.a3 a5 7.d3 Nc6 8.Bg2 Nf6 9.O-O Be7
10.Nbd2 e5 11.Qe2 Nd7 12.Ne1 O-O 13.f4 exf4 14.gxf4 f5 15.Ndf3 h6 16.Rb1 a4
17.Kh1 Bf6 18.b4 axb3 19.Rxb3 Re8 20.Qf2 Ra6 21.Rb5 Na7 22.Rxf5 Rae6 23.Ne5 Bh4
24.Qxd4 Bxe1 25.Rxe1 Nc6 26.Qg1 Nf6 27.Bxc6 bxc6 28.Bb2 Rd6 29.c5 Rd5 30.Nxc6 Qd7
31.Rxe8+ Nxe8 32.Re5 Rxe5 33.Nxe5 Qd5+ 34.Qg2 Qxc5 35.h4 Qb5 36.Kh2 Bb7 37.Qc2 Qd5
38.Qc4 Nd6 39.Qxd5+ Bxd5 40.a4 Nf5 41.Kh3 h5 42.Ba3 Nd4 43.Kg3 Ne2+ 44.Kf2 Nxf4
45.a5 g5 46.hxg5 h4 47.Bc1 Ne6 48.Ng6 Bb7 49.Nxh4 Ba6 50.Ke3 Nxg5 51.d4 Kf7
52.d5 Ke7 53.Kd4 Nf7 54.Bf4 Kd7 55.Kc5  1-0

[Event "23rd Porto San Giorgio Open"]
[Site "Porto San Giorgio ITA"]
[Date "2011.08.26"]
[Round "7"]
[White "Fierro Baquero,M"]
[Black "Prohaszka,P2"]
[Result "1/2-1/2"]
[WhiteElo "2381"]
[BlackElo "2547"]

1.c4 e6 2.Nf3 d5 3.g3 Nf6 4.Bg2 dxc4 5.Qa4+ Nbd7 6.O-O a6 7.Qxc4 b5 8.Qb3 Bb7
9.d4 c5 10.dxc5 Nxc5 11.Qd1 Bd6 12.Nc3 O-O 13.Bg5 Be7 14.Qxd8 Rfxd8 15.Rac1 Rac8
16.Ne5 Bxg2 17.Kxg2 h6 18.Be3 Bd6 19.Bd4 Bxe5 20.Bxe5 Ng4 21.Bf4 e5 22.h3 Nxf2
23.Bxe5 Nfe4 24.Nxe4 Nxe4 25.Rxc8 Rxc8 26.Rf4 Nc5 27.Rf3 Rd8 28.Rc3 Na4 29.Rc2 Nb6
30.Bf4 Nd5 31.a3 Nb6 32.b3 Re8 33.Kf3 Re6 34.h4 h5 35.Rc7 Nd5 36.Rc8+ Kh7
37.Bg5 f6 38.Bc1 Kg6 39.Rc5 Ne7 40.Bf4 Nc6 41.e3 Na5 42.Rc3 Rc6 43.Rxc6 Nxc6
44.Bc7 Kf5 45.e4+ Ke6 46.Ke3 g5 47.Bb6 gxh4 48.gxh4 Ne5 49.Bc7 Ng6 50.Bg3 f5
51.exf5+ Kxf5 52.Kf3 Ne5+ 53.Ke3 Nc6 54.b4 Kg4 55.Bd6 Kxh4 56.Ke4 Kg4 57.Kd5 Nd8
58.Bc7 Nf7  1/2-1/2

[Event "TCh-SUI 2011"]
[Site "Switzerland SUI"]
[Date "2011.08.27"]
[Round "6.1"]
[White "Netzer,Je"]
[Black "Duratti,L"]
[Result "1-0"]
[WhiteElo "2400"]
[BlackElo "2236"]

1.c4 e6 2.Nf3 d5 3.d4 Nf6 4.g3 dxc4 5.Bg2 c5 6.O-O Nc6 7.dxc5 Qxd1 8.Rxd1 Bxc5
9.Nbd2 Ke7 10.Nxc4 Ng4 11.e3 Rb8 12.b3 b5 13.Ncd2 Bd7 14.Ne4 Bb4 15.Bb2 f6
16.a3 Ba5 17.Rac1 Bb6 18.Nc5 Bxc5 19.Rxc5 Rhc8 20.Rh5 h6 21.h3 Nge5 22.Nxe5 Nxe5
23.Rxe5 fxe5 24.Bxe5 Rb6 25.Bxg7 Bc6 26.Bxh6 Bxg2 27.Bg5+ Kf7 28.Kxg2 Ra6
29.Rd7+ Kg6 30.h4 Rxa3 31.g4 Rf8 32.f4 Rf7 33.h5+ Kg7 34.Bh6+ Kg8 35.Rd8+ Kh7
36.g5  1-0

[Event "US Chess League 2011"]
[Site "ICC INT"]
[Date "2011.08.31"]
[Round "1"]
[White "Vigorito,D"]
[Black "Griego,D"]
[Result "1-0"]
[WhiteElo "2430"]
[BlackElo "2355"]

1.c4 e6 2.Nf3 d5 3.d4 Nf6 4.Nc3 c6 5.Bg5 dxc4 6.e4 b5 7.e5 h6 8.Bh4 g5 9.Nxg5 hxg5
10.Bxg5 Nbd7 11.g3 Rg8 12.Bxf6 Nxf6 13.exf6 Qxf6 14.Bg2 Bb7 15.a4 b4 16.Ne4 Qg7
17.Rc1 c3 18.bxc3 O-O-O 19.Qb3 c5 20.dxc5 Bd5 21.Qxb4 f5 22.Nd6+ Rxd6 23.cxd6 Bxg2
24.Qc5+ Kd8 25.Rb1 Bb7 26.O-O Qd7 27.Qxa7 Rg7 28.Rb6 Bxd6 29.Rd1 Bd5 30.Rxd6  1-0

[Event "TCh-SRB Premier Men"]
[Site "Valjevo SRB"]
[Date "2011.09.01"]
[Round "6.1"]
[White "Popovic,Ne"]
[Black "Toth,Alek"]
[Result "1-0"]
[WhiteElo "2301"]
[BlackElo "2315"]

1.c4 e6 2.Nf3 d5 3.g3 d4 4.e3 c5 5.exd4 cxd4 6.d3 Nc6 7.Bg2 Bd6 8.O-O Nge7
9.b3 e5 10.a3 a5 11.Qc2 O-O 12.Nbd2 Kh8 13.Rb1 f6 14.Ne4 Bc7 15.b4 axb4 16.axb4 b5
17.Nc5 Rb8 18.cxb5 Rxb5 19.Qc4 Rb6 20.Nd2 Na7 21.Ra1 Nb5 22.Ra8 Qe8 23.Bb2 Nd6
24.Qb3 Nc6 25.Ne6 Bxe6 26.Rxe8 Rxe8 27.Qc2 Bd7 28.Rc1 Nb5 29.Qa4 Reb8 30.Nc4 R6b7
31.Bxc6 Bxc6 32.Nxe5 Be8 33.Nc6 Nc3 34.Bxc3 dxc3 35.Rxc3 Rb6 36.Qc2 Ra8 37.Ne7 Bd6
38.Nf5 Bf8 39.Rc8 Rbb8 40.Rc4 Bxb4 41.Kg2 Bf8 42.Qd2 Bf7 43.Rc7 Bd5+ 44.f3 Be6
45.Ne3 Bb4 46.Qf2 Rd8 47.Nc2 Bd6 48.Rc3 Ra2 49.Qb6 Raa8 50.Rc6 Rab8 51.Rxd6 Rxb6
52.Rxd8+ Bg8 53.Ne3 Rb2+ 54.Kh3 h5 55.g4 Kh7 56.d4 Rb3 57.Re8 Rd3 58.Re7 Kh8
59.Kg3 hxg4 60.fxg4 Rxd4 61.Rxg7 Kxg7 62.Nf5+ Kg6 63.Nxd4 Ba2 64.Kf4 Bb1
65.Nf5 Bc2 66.Nd6 Bb1 67.h4 Bc2 68.Nc4 Bb1 69.Ne3 Bd3 70.Nd5 Bb1 71.Ke3 Bc2
72.Kd2 Be4 73.Nf4+ Kf7 74.Ke3 Bc2 75.Nd3 Kg6 76.Ne1 Bb1 77.Kf4 Kg7 78.Ng2 Kg6
79.Ne3 Bd3 80.Nf5 Bxf5 81.h5+ Kg7 82.Kxf5  1-0

[Event "VII Ugra Governor's Cup"]
[Site "Khanty-Mansiysk RUS"]
[Date "2011.09.02"]
[Round "3"]
[White "Sergeev,Ve"]
[Black "Frolyanov,D"]
[Result "1/2-1/2"]
[WhiteElo "2395"]
[BlackElo "2599"]

1.c4 e6 2.Nf3 d5 3.b3 Nf6 4.Bb2 Be7 5.g3 O-O 6.Bg2 c5 7.O-O Nc6 8.e3 b6 9.d3 Bb7
10.a3 Qc7 11.Nc3 Rad8 12.cxd5 exd5 13.Rc1 Ba6 14.Re1 Rfe8 15.d4 c4 16.bxc4 Bxc4
17.e4 dxe4 18.Nxe4 b5 19.Ned2 Qb6 20.Nxc4 bxc4 21.Rxc4 Qxb2 22.Rxc6 Qxa3
23.Ne5 Bf8 24.h3 a5 25.Re3 Qb2 26.Rc4 Rb8 27.Qa4 Qb1+ 28.Kh2 Rb2 29.Rf3 Ra2
30.Rc1 Rxa4 31.Rxb1 Rxd4 32.Nc6 Ra4 33.Rb5 Ra2 34.Rxa5 Rxa5 35.Nxa5 Re2 36.Nb3 Rb2
37.Bf1 Ne4 38.Kg2 Nxf2 39.Rxf2 Rxb3 40.Rxf7 Rxg3+ 41.Kxg3 Kxf7  1/2-1/2

[Event "15th Cesenatico Open"]
[Site "Cesenatico ITA"]
[Date "2011.09.03"]
[Round "1"]
[White "MacDonald,C"]
[Black "Galdunts,S"]
[Result "0-1"]
[WhiteElo "2144"]
[BlackElo "2462"]

1.c4 e6 2.Nf3 d5 3.b3 Be7 4.Bb2 Bf6 5.Ne5 Nd7 6.d4 Ne7 7.Ng4 Bh4 8.g3 h5
9.gxh4 hxg4 10.e4 dxe4 11.Qxg4 Nf6 12.Qg5 Nf5 13.Na3 Rxh4 14.O-O-O e3 15.f3 Bd7
16.Bd3 Nh5 17.Qg1 Nf4 18.Nc2 Nh3 19.Qe1 Nf2 20.Bxf5 Nxd1 21.Kxd1 exf5 22.Ba3 f4
23.Qb4 Be6 24.Kc1 a5 25.Qxb7 f6 26.Rg1 Kf7 27.Qe4 g5 28.d5 Bd7 29.Nd4 Ra6
30.Ne2 Qe8 31.Qd3 Qe5 32.Bb2 Qf5 33.Qd1 Rxh2 34.Nc3 Rd2  0-1

[Event "18th Graz Open"]
[Site "Graz AUT"]
[Date "2011.09.03"]
[Round "8"]
[White "Aschenbrenner,R"]
[Black "Schink,B"]
[Result "1-0"]
[WhiteElo "2270"]
[BlackElo "2040"]

1.c4 e6 2.Nf3 d5 3.b3 Nf6 4.g3 Bd6 5.Bg2 b6 6.O-O Bb7 7.Bb2 Nbd7 8.Nc3 O-O
9.e3 a6 10.Qe2 Qe7 11.cxd5 exd5 12.d4 Rfe8 13.Rfd1 Rad8 14.Rac1 g6 15.Qc2 Qf8
16.Ne2 Qh6 17.Ne5 Ne4 18.Nf4 Ndf6 19.Nfd3 Qg7 20.Re1 h5 21.f3 Ng5 22.Nf2 Qh6
23.e4 h4 24.Neg4 Nxg4 25.Nxg4 Qg7 26.e5 Bb4 27.Nf6+ Kh8 28.Nxe8 Rxe8 29.Qxc7 Bxe1
30.Rxe1 Bc8 31.Bc1 Ne6 32.Qxb6 g5 33.Be3 Qg6 34.Qc6 Rd8 35.Qc1 Rg8 36.Qd2 Bd7
37.Rc1 Bb5 38.a4 Bd3 39.g4 Rb8 40.Rc3 Bb1 41.h3 f5 42.Bf1 fxg4 43.fxg4 Rf8
44.Bxa6 Nxd4 45.Bxd4 Qxa6 46.e6+ Kh7 47.Rc7+ Kh6 48.Bg7+ Kg6 49.Bxf8 Qb6+
50.Rc5 Qb8 51.Qf2  1-0

[Event "13th Trieste Open"]
[Site "Trieste ITA"]
[Date "2011.09.03"]
[Round "1"]
[White "Milazzo,M"]
[Black "Doric,D"]
[Result "0-1"]
[WhiteElo "2077"]
[BlackElo "2504"]

1.c4 e6 2.Nf3 d5 3.d4 c6 4.g3 dxc4 5.Bg2 b5 6.a4 Bb7 7.O-O Nd7 8.Nc3 a6 9.e4 Ngf6
10.d5 cxd5 11.axb5 dxe4 12.Ng5 axb5 13.Rxa8 Bxa8 14.Nxb5 h6 15.Nh3 Qb6 16.Nc3 Qb3
17.Qe2 Nc5 18.Bf4 Be7 19.Ra1 O-O 20.Ra7 Bb7 21.Ra3 Qb4 22.Na2 Qb6 23.Nc3 Nd3
24.Be3 Qc7 25.Ra1 Ra8 26.Rxa8+ Bxa8 27.Nf4 Qe5 28.Qd2 Bb4 29.Nfe2 Qa5 30.Bf1 Ng4
31.Qc2 Nxe3 32.fxe3 Bc5 33.Nd4 Bd5 34.Qa4 Qd8 35.Bxd3 Bxd4 36.Nxd5 exd5 37.exd4 cxd3  0-1

[Event "TCh-SRB Premier Men"]
[Site "Valjevo SRB"]
[Date "2011.09.03"]
[Round "8.2"]
[White "Popovic,Ne"]
[Black "Miljkovic,Mih"]
[Result "1-0"]
[WhiteElo "2301"]
[BlackElo "2278"]

1.c4 e6 2.Nf3 d5 3.d4 Nf6 4.e3 Be7 5.Bd3 dxc4 6.Bxc4 a6 7.O-O b5 8.Bd3 Bb7
9.a3 c5 10.dxc5 Bxc5 11.b4 Be7 12.Bb2 O-O 13.Qe2 Nbd7 14.e4 Qb6 15.Bd4 Qc7
16.g3 Rac8 17.Nbd2 e5 18.Bb2 Rfe8 19.Nb3 Bf8 20.Na5 Ba8 21.Nh4 Qb6 22.Kh1 Qe6
23.f3 g6 24.Ng2 Nb6 25.Bc2 Qh3 26.Bb3 Bh6 27.Kg1 Re7 28.Rad1 Bxe4 29.fxe4 Ng4
30.Nh4 Ne3 31.Bc1 Nxf1 32.Bxh6 Nxg3 33.hxg3 Qxg3+ 34.Ng2 Rd7 35.Rxd7 Nxd7
36.Qf1  1-0

[Event "TCh-SRB Premier Women"]
[Site "Valjevo SRB"]
[Date "2011.09.05"]
[Round "10.3"]
[White "Genova,R"]
[Black "Manakova,M"]
[Result "1/2-1/2"]
[WhiteElo "2188"]
[BlackElo "2314"]

1.c4 e6 2.Nf3 d5 3.d4 c6 4.e3 f5 5.Be2 Nf6 6.O-O Bd6 7.b3 Qe7 8.Bb2 O-O 9.Nbd2 b6
10.Ne5 Bb7 11.Qc2 Ne4 12.f4 Nd7 13.Nxe4 fxe4 14.Nxd7 Qxd7 15.c5 Bc7 16.b4 a5
17.cxb6 Bxb6 18.bxa5 Bxa5 19.Ba3 Rfc8 20.Bg4 g6 21.Bc5 Ba6 22.Rf2 Rcb8 23.Qc1 Bd3
24.Rb2 Kf7 25.Bd1 Qc7 26.Rxb8 Rxb8 27.Ba4 Rb7 28.Ba3 Bc4 29.h3 Rb6  1/2-1/2

[Event "Yuzhny Open"]
[Site "Yuzhny UKR"]
[Date "2011.09.05"]
[Round "4.10"]
[White "Polishchuk,O"]
[Black "Bondarchuk,Sergei"]
[Result "0-1"]
[WhiteElo "2173"]
[BlackElo "2309"]

1.c4 e6 2.Nf3 d5 3.e3 Nf6 4.b3 Be7 5.Bb2 O-O 6.Be2 b6 7.cxd5 exd5 8.O-O Bb7
9.d4 Nbd7 10.Nbd2 Re8 11.Rc1 Bd6 12.Bb5 a6 13.Bc6 Bxc6 14.Rxc6 Nb8 15.Rc2 Nbd7
16.Rc6 Nb8 17.Rc1 Nbd7 18.Qc2 c5 19.dxc5 bxc5 20.Rfd1 Qb6 21.Qd3 Bf8 22.Qf5 Qe6
23.Qf4 h6 24.h3 a5 25.Qa4 Nb6 26.Qb5 Nbd7 27.a4 Reb8 28.Qe2 d4 29.Re1 dxe3
30.Qxe3 Qxe3 31.Rxe3 Nd5 32.Rd3 N7b6 33.Be5 Re8 34.Nc4 Nxc4 35.Rxc4 Nb6 36.Rc2 c4
37.bxc4 Nxa4 38.Rd5 Rec8 39.Bd4 Bc5 40.Bxc5 Rxc5 41.Nd4 Rac8 42.Rxc5 Nxc5
43.Nf5 Rb8 44.Ne7+ Kf8 45.Nc6 Rb1+ 46.Kh2 Ra1 47.Rd2 g6 48.Rd8+ Kg7 49.Rd5 Nb3
50.Rb5 a4 51.Nb4 Rc1 52.Nd3 Rc3 53.Nc5 Nxc5 54.Rxc5 Kf6 55.Rc7 Ke5 56.f4+ Kxf4
57.Rxf7+ Ke5 58.Rg7 g5 59.Rh7 Kd4 60.Rxh6 Kxc4 61.h4 gxh4 62.Rxh4+ Kb3 63.Rh8 Rc4
64.Ra8 a3 65.Kh3 Ra4 66.Rb8+ Rb4 67.Ra8 a2 68.Rxa2 Kxa2 69.g4 Kb3 70.Kh4 Kc4
71.Kh5 Kd5 72.g5 Ke6 73.Kh6 Kf7  0-1

[Event "8th LGA Premium Cup"]
[Site "Nuernberg GER"]
[Date "2011.09.10"]
[Round "5.33"]
[White "Melzner,L"]
[Black "Breutigam,M"]
[Result "1-0"]
[WhiteElo "2176"]
[BlackElo "2377"]

1.c4 e6 2.Nf3 d5 3.b3 Nf6 4.g3 Be7 5.Bg2 O-O 6.O-O c5 7.e3 Nc6 8.d3 Re8 9.Nbd2 Bf8
10.a3 a5 11.Re1 Rb8 12.Qc2 b5 13.Bb2 Rb6 14.cxb5 Rxb5 15.d4 Qd6 16.Rac1 Nd7
17.e4 Nxd4 18.Nxd4 cxd4 19.exd5 e5 20.a4 Rxd5 21.Nc4 Qe6 22.Bxd5 Qxd5 23.Qe4 Qxe4
24.Rxe4 Bb7 25.Ree1 Bb4 26.Bxd4 Bxe1 27.Rxe1 f6 28.Nxa5 Bd5 29.b4 Kf7 30.Be3 Rc8
31.Ra1 Rc2 32.b5 Ke6 33.Kf1 f5 34.Ke1 Kd6 35.Kd1 Rb2 36.Kc1 Re2 37.Ra3 g5
38.Kd1 Rb2 39.Bd2 Nb6 40.Kc1 Ra2 41.Nb7+ Kc7 42.Rxa2 Bxa2 43.Nc5 Kd6 44.Bb4 g4
45.Nb3+ Kd5 46.a5 Nc4 47.Kc2 f4 48.Nc1 Nxa5 49.Nxa2 Nb7 50.gxf4 exf4 51.Kd3 h5
52.Nc3+ Ke5 53.Na4 h4 54.Ke2 h3 55.Kf1 Kd5 56.b6 Nd8 57.Be7 Nc6 58.b7 Ke6
59.Bg5 Kf5 60.Bd8  1-0

[Event "ch-Euro Youth b14"]
[Site "Albena BUL"]
[Date "2011.09.11"]
[Round "1.12"]
[White "Lenaerts,L"]
[Black "Schroeder,Ja"]
[Result "1-0"]
[WhiteElo "1902"]
[BlackElo "2235"]

1.c4 e6 2.Nf3 d5 3.g3 Nf6 4.Bg2 Be7 5.O-O O-O 6.d4 dxc4 7.Qc2 a6 8.Qxc4 b5
9.Qc2 Bb7 10.Bg5 Nbd7 11.Bxf6 Nxf6 12.Nbd2 Rc8 13.Nb3 Be4 14.Qc1 Nd7 15.Rd1 c5
16.dxc5 Qc7 17.Qd2 Nxc5 18.Nxc5 Bxc5 19.Rac1 Qb6 20.e3 Qb7 21.Ne1 Be7 22.Rxc8 Rxc8
23.Bxe4 Qxe4 24.Qd7  1-0

[Event "8th LGA Premium Cup"]
[Site "Nuernberg GER"]
[Date "2011.09.11"]
[Round "6.2"]
[White "Braun,A"]
[Black "Tischbierek,R"]
[Result "1-0"]
[WhiteElo "2560"]
[BlackElo "2454"]

1.c4 e6 2.Nf3 d5 3.g3 dxc4 4.Qa4+ Nd7 5.Qxc4 a6 6.Qc2 b5 7.Bg2 Bb7 8.O-O c5
9.a4 Ngf6 10.d3 Be7 11.Nc3 Bc6 12.Nh4 Bxg2 13.Nxg2 Rb8 14.Bf4 Rb7 15.axb5 axb5
16.Ra6 O-O 17.Rfa1 Nb8 18.Ra8 Qd7 19.Bg5 Rc8 20.Ne1 h6 21.Bxf6 Bxf6 22.Nf3 Be7
23.b3 Bf8 24.Qc1 Qd8 25.R1a5 c4 26.bxc4 bxc4 27.d4 Nc6 28.Rxc8 Qxc8 29.Ra4 Rb4
30.e3 Rxa4 31.Nxa4 Na5 32.Qc3 Qa6 33.Ne5 Qb5 34.Nb2 Bb4 35.Qc2 c3 36.Na4 Nc6
37.Nxc3 Bxc3 38.Qxc3 Nxe5 39.dxe5 Qb1+ 40.Kg2 Qb7+ 41.f3 h5 42.Qd4 g6 43.Qd8+ Kg7
44.Qf6+ Kg8 45.Kh3 Qb2 46.Kh4 Qxh2+ 47.Kg5 Qd2 48.Kh6 Kf8 49.f4 Ke8 50.Qh8+ Ke7
51.Kg7 Qxe3 52.Qf8+ Kd7 53.Qxf7+ Kd8 54.Qxg6  1-0

[Event "8th LGA Premium Cup"]
[Site "Nuernberg GER"]
[Date "2011.09.11"]
[Round "7.29"]
[White "Melzner,L"]
[Black "Wichmann,C"]
[Result "1-0"]
[WhiteElo "2176"]
[BlackElo "2364"]

1.c4 e6 2.Nf3 d5 3.b3 Nf6 4.g3 Be7 5.Bg2 O-O 6.O-O c5 7.e3 Nc6 8.d3 dxc4
9.dxc4 Nb4 10.Nc3 Qb6 11.Qe2 Rd8 12.Rd1 Bd7 13.Bb2 Be8 14.Ne5 Nd7 15.Ne4 Nxe5
16.Bxe5 f5 17.Nc3 Rxd1+ 18.Rxd1 Rd8 19.Rxd8 Qxd8 20.e4 fxe4 21.Qg4 g6 22.Qxe6+ Bf7
23.Qg4 e3 24.fxe3 Nd3 25.Bf4 h5 26.Qd1 g5 27.Nd5 Bg6 28.Bc7 Qe8 29.e4 Nb4
30.e5 Nc6 31.Nxe7+ Qxe7 32.Bd6 Qe8 33.Bd5+ Kh7 34.Qe1 b6 35.Qe3 g4 36.Qg5 Nd4
37.Qf6 Nf3+ 38.Kh1 Qh8 39.Qf4 Qg7 40.Bf8  1-0

[Event "ch-Euro Youth b14"]
[Site "Albena BUL"]
[Date "2011.09.15"]
[Round "5.25"]
[White "Lenaerts,L"]
[Black "Yankelevich,L"]
[Result "0-1"]
[WhiteElo "1902"]
[BlackElo "2072"]

1.c4 e6 2.Nf3 d5 3.g3 dxc4 4.Qa4+ Nd7 5.Qxc4 a6 6.d4 c5 7.dxc5 Bxc5 8.Bg2 b5
9.Qc3 Qf6 10.Qxf6 Ngxf6 11.Ne5 Rb8 12.Bf4 Bd6 13.Nxd7 Kxd7 14.Bxd6 Kxd6 15.Nc3 Bb7
16.O-O-O+ Ke7 17.Bxb7 Rxb7 18.Rd4 Rc8 19.Kb1 b4 20.Ne4 Nxe4 21.Rxe4 b3 22.axb3 Rxb3
23.Rd1 Rb6 24.Red4 Rc7 25.Rc1 Rd7 26.Rcc4 Rxd4 27.Rxd4 Rd6 28.Re4 Rc6 29.Ka2 f5
30.Re3 g5 31.Ka3 Kf6 32.Ka4 e5 33.Rd3 Ke6 34.Rd2 e4 35.f4 gxf4 36.gxf4 Rc1
37.Ka5 Rf1 38.Kxa6 Rxf4 39.Ka5 Rf2 40.b4 e3 41.Rc2 f4 42.Rc4 Kd5 43.Rc5+ Kd4
44.Rf5 Ke4 45.Rf7 Rxe2  0-1

[Event "2nd Livigno Open A"]
[Site "Livigno ITA"]
[Date "2011.09.17"]
[Round "8.16"]
[White "Molina,Fa"]
[Black "Sveshnikov,V"]
[Result "1/2-1/2"]
[WhiteElo "2258"]
[BlackElo "2412"]

1.c4 e6 2.Nf3 d5 3.g3 dxc4 4.Bg2 a6 5.Qc2 Nf6 6.a4 Nc6 7.Qxc4 Na5 8.Qc2 Qd5
9.Nc3 Qb3 10.Qb1 Qb4 11.Na2 Qxa4 12.Nc3 Qb4 13.Ra4 Qb6 14.b4  1/2-1/2

[Event "ch-Euro Youth b18"]
[Site "Albena BUL"]
[Date "2011.09.19"]
[Round "8.24"]
[White "Topak,E"]
[Black "Pop,A"]
[Result "1-0"]
[WhiteElo "2256"]
[BlackElo "2183"]

1.c4 e6 2.Nf3 d5 3.e3 c5 4.d4 Nf6 5.Nc3 a6 6.dxc5 Bxc5 7.a3 O-O 8.b4 Bd6
9.cxd5 exd5 10.Be2 Nc6 11.O-O Bc7 12.Bb2 Qd6 13.g3 Bh3 14.Re1 Rad8 15.Rc1 Rfe8
16.Na4 Ne4 17.Nc3 Nf6 18.Ng5 Bf5 19.Na4 Ne4 20.Nxe4 Bxe4 21.Nc5 Qh6 22.Nxe4 dxe4
23.Qc2 Be5 24.Rcd1 Qf6 25.Bxe5 Qxe5 26.Rxd8 Rxd8 27.Rd1 Rxd1+ 28.Qxd1 g6
29.Qd7 Qa1+ 30.Kg2 Qxa3 31.Bc4  1-0

[Event "TCh-Central Serbia 2011"]
[Site "Kraljevo SRB"]
[Date "2011.09.19"]
[Round "4"]
[White "Nikolic,Dragov"]
[Black "Trifunovic,M"]
[Result "1-0"]
[WhiteElo "2262"]
[BlackElo "2305"]

1.c4 e6 2.Nf3 d5 3.cxd5 exd5 4.d4 c6 5.Nc3 Bf5 6.e3 Nf6 7.Bd3 Bxd3 8.Qxd3 Bd6
9.O-O O-O 10.Rb1 Qe7 11.Qf5 g6 12.Qh3 Ne4 13.Nxe4 dxe4 14.Nd2 f5 15.Nc4 Bc7
16.b3 Rf7 17.Ba3 Qe6 18.Rbd1 Nd7 19.Rd2 a5 20.Bb2 a4 21.Rfd1 axb3 22.axb3 b5
23.d5 cxd5 24.Na3 Be5 25.Nxb5 Rb8 26.Bxe5 Rxb5 27.Bd4 Rxb3 28.Qg3 f4 29.Qh4 fxe3
30.fxe3 Rb8 31.h3 Rbf8 32.Rb2 Qa6 33.Qg3 Qc6 34.Rdb1 Qe6 35.Rb7 Qf5 36.Kh2 Re8
37.Ra1 Ne5 38.Rxf7 Nxf7 39.Qc7 Qe6 40.Ra7 h6 41.Qb7 g5 42.Ra6 Re7 43.Qb8+ Re8
44.Qb5 Qc8 45.Rg6+ Kf8 46.Qc5+  1-0

[Event "ch-Euro Youth b16"]
[Site "Albena BUL"]
[Date "2011.09.20"]
[Round "9.6"]
[White "Nikologorskiy,K"]
[Black "Yudin,I"]
[Result "1-0"]
[WhiteElo "2308"]
[BlackElo "2311"]

1.c4 e6 2.Nf3 d5 3.g3 dxc4 4.Qa4+ Nd7 5.Qxc4 a6 6.Qc2 b5 7.Bg2 Bb7 8.O-O Ngf6
9.b3 Be7 10.Bb2 O-O 11.d3 c5 12.Nbd2 Rc8 13.Rac1 Qb6 14.Rfd1 Qa7 15.h3 Qa8
16.Qb1 Rfe8 17.Qa1 Bf8 18.Nf1 e5 19.N1d2 g6 20.h4 Bh6 21.Bh3 Bxf3 22.Nxf3 Bxc1
23.Rxc1 Qd5 24.Nxe5 Rc7 25.Bg2 Qd6 26.Nxd7 Nxd7 27.Rc2 Ne5 28.Qc1 Rce7 29.Bf1 Nd7
30.Qd2 f6 31.Qc1 Qd5 32.Ba3 Re5 33.b4 cxb4 34.Bxb4 Qe6 35.Rc7 Qg4 36.e4 Qe6
37.Bg2 a5 38.Bxa5 Qxa2 39.Bb4 Rd8 40.Rxd7  1-0

[Event "8th Highlands Open"]
[Site "Zdar nad Sazavou CZE"]
[Date "2011.09.25"]
[Round "2"]
[White "Parligras,C"]
[Black "Roeser,A"]
[Result "1-0"]
[WhiteElo "2267"]
[BlackElo "1987"]

1.c4 e6 2.Nf3 d5 3.b3 c5 4.g3 Nc6 5.Bg2 d4 6.O-O Be7 7.Bb2 e5 8.e3 Bg4 9.h3 Bh5
10.d3 f5 11.e4 fxe4 12.dxe4 Nf6 13.Nbd2 O-O 14.a3 h6 15.Qc2 g5 16.Qd3 Bg6
17.Ne1 Nh5 18.Qe2 Qd7 19.Nd3 Rf7 20.Kh2 Bd6 21.Nf3 Nf6 22.Nfe1 Nh5 23.Nc2 Na5
24.Nc1 Qe6 25.Rb1 Raf8 26.Ba1 Rf6 27.Nd3 b6 28.Nce1 R6f7 29.Qc2 Rf6 30.Bb2 Kg7
31.Bc1 R6f7 32.Qe2 Nxb3 33.Rxb3 Qxc4 34.Rb1 Qa4 35.Nb2 Qb3 36.Qc4 Qxa3 37.Na4 b5
38.Rxb5 Qa1 39.Nc2  1-0

[Event "16th ECC w"]
[Site "Rogaska Slatina SLO"]
[Date "2011.09.26"]
[Round "2.3"]
[White "Javakhishvili,L"]
[Black "Zaiatz,E"]
[Result "1-0"]
[WhiteElo "2464"]
[BlackElo "2441"]

1.c4 e6 2.Nf3 d5 3.g3 dxc4 4.Bg2 c5 5.Na3 Nc6 6.Nxc4 Nf6 7.O-O Be7 8.b3 O-O
9.Bb2 Nd5 10.d4 b5 11.e4 bxc4 12.exd5 exd5 13.bxc4 dxc4 14.d5 Rb8 15.Qe2 Qxd5
16.Rfe1 Qd3 17.Be5 Qxe2 18.Rxe2 Nxe5 19.Nxe5 Bf6 20.Bd5 Ba6 21.Rc1 Rbd8 22.Bxc4 Bxc4
23.Rxc4 Rd5 24.Nc6 g6 25.Nxa7 Ra8 26.Nb5 Ra5 27.a4 Rd1+ 28.Kg2 Ra1 29.Rxc5 R1xa4
30.Rc8+ Kg7 31.Nd6 Bd4 32.Rc7 Ra7 33.Rxa7 Rxa7 34.Nb5 Ra4 35.Re4 Rb4 36.Nxd4 Rb2
37.Re2 Rb4 38.Nf3 Rb7 39.g4 h6 40.h4 Rc7 41.Kg3 Rb7 42.Re3 Rc7 43.Rd3 Re7
44.Kf4 Ra7 45.Ne5 Ra4+ 46.Kg3 g5 47.Rd7 Rf4 48.Rxf7+  1-0

[Event "Tatry Open"]
[Site "Tatranske Zruby SVK"]
[Date "2011.10.01"]
[Round "8.51"]
[White "Mesaros,J"]
[Black "Vrchotka,J"]
[Result "0-1"]
[WhiteElo "1873"]
[BlackElo "2035"]

1.c4 e6 2.Nf3 d5 3.d4 c6 4.Nc3 Nf6 5.Bg5 Be7 6.e3 O-O 7.Bd3 Nbd7 8.Rc1 Re8
9.O-O Nf8 10.Ne5 N6d7 11.Bxe7 Qxe7 12.f4 Rd8 13.Qf3 Rb8 14.Qg3 f5 15.Qh3 Nf6
16.Na4 dxc4 17.Bxc4 b5 18.Nxc6 Qd6 19.Bxb5 Rxb5 20.Nxd8 Qxd8 21.b3 Bb7 22.Qg3 Ba8  0-1

[Event "1st Qinhuangdao Open"]
[Site "Qinhuangdao CHN"]
[Date "2011.10.02"]
[Round "2"]
[White "Bu Xiangzhi"]
[Black "Wang Chen"]
[Result "1/2-1/2"]
[WhiteElo "2666"]
[BlackElo "2454"]

1.c4 e6 2.Nf3 d5 3.d4 Nf6 4.Nc3 g6 5.Bf4 Bg7 6.Rc1 c6 7.e3 O-O 8.Be2 Nbd7
9.O-O Qe7 10.h3 Rd8 11.Bc7 Re8 12.Bh2 dxc4 13.Bxc4 b5 14.Be2 Bb7 15.Nd2 e5
16.Bf3 a6 17.a4 exd4 18.exd4 Nf8 19.Nb3 Ne6 20.Re1 Qb4 21.axb5 axb5 22.Be5 Red8
23.Qc2 Nd7 24.Bxg7 Kxg7 25.Bg4 Ndf8 26.Bxe6 Nxe6 27.Rxe6 fxe6 28.Nc5 Bc8
29.Ne2 Qc4 30.Qd2 Qd5 31.Nd3 Qd6 32.Qe3 Bd7 33.h4 Rf8 34.Ne5 Be8 35.g3 Ra2
36.Qb3 Ra4 37.Qe3 Ra2 38.Nd3 Bf7 39.Nc3 Ra6 40.Ne4 Qe7 41.Ndc5 Ra7 42.Qc3 e5
43.dxe5 Bd5 44.Nd6 Rf3 45.Qd4 Ra8 46.Re1 Raf8 47.e6+ Kg8 48.Nf7 R3xf7 49.exf7+ Qxf7
50.Ne4 Qf5 51.Nc3 Bf3 52.Re7 Qf6 53.Qc5 Qf5 54.Qd4 Qf6 55.Qc5 Qf5  1/2-1/2

[Event "1st Qinhuangdao Open"]
[Site "Qinhuangdao CHN"]
[Date "2011.10.06"]
[Round "8"]
[White "Arutinian,D"]
[Black "Wu Wenjin"]
[Result "1-0"]
[WhiteElo "2577"]
[BlackElo "2387"]

1.c4 e6 2.Nf3 d5 3.b3 Nf6 4.g3 b6 5.Bg2 Bb7 6.O-O c5 7.e3 Be7 8.Bb2 dxc4
9.bxc4 Nc6 10.Qe2 Qc7 11.Nc3 Rc8 12.Ne1 Na5 13.f4 Bxg2 14.Nxg2 Qb7 15.d3 Rd8
16.Rad1 a6 17.a4 Qc6 18.g4 Nd7 19.f5 O-O 20.Rf3 Bf6 21.Rh3 Rfe8 22.fxe6 fxe6
23.g5 Bxc3 24.Bxc3 e5 25.e4 Nf8 26.Rf1 Nb3 27.Ne3 Qg6 28.Nd5 Ne6 29.Rg3 Nbd4
30.Qg4 Kh8 31.Bxd4 Nxd4 32.Rg2 b5 33.axb5 axb5 34.cxb5 Nxb5 35.Rgf2 h6 36.h4 Nd4
37.Rf7 Qe6 38.Qg2 Qg6 39.Qg4 Qe6 40.Qg2 Qg6 41.Nc7 Rg8 42.Qg4 Rb8 43.Nd5 Rb2
44.Ne7 Qb6 45.Rf8  1-0

[Event "20th TCh-CRO 1b"]
[Site "Sibenik CRO"]
[Date "2011.10.06"]
[Round "3.3"]
[White "Tratar,M"]
[Black "Ragger,M"]
[Result "1/2-1/2"]
[WhiteElo "2477"]
[BlackElo "2655"]

1.c4 e6 2.Nf3 d5 3.g3 Nf6 4.Bg2 dxc4 5.Qa4+ Nbd7 6.Qxc4 c5 7.Qb3 Rb8 8.a4 b6
9.d3 Bd6 10.O-O Bb7 11.Nc3 a6 12.Ng5 Bxg2 13.Kxg2 Ne5 14.Nge4 Nc6 15.Nxf6+ Qxf6
16.Qc4 Ra8 17.Qe4 Rc8 18.Qc4 a5 19.Nb5 Bb8 20.Bd2 O-O 21.Bc3 Qe7 22.f4 Rfd8
23.Qe4 Qd7 24.Na3 Bd6 25.Nc4 Rb8 26.Qf3 Bf8 27.Qe4 g6 28.Ne5 Nxe5 29.Qxe5 Qd5+
30.Kf2 Qxe5 31.Bxe5 Rbc8 32.Rfc1 Bg7 33.Bxg7 Kxg7 34.Ra3 f5 35.Rb3 Rc6 36.Rc4 Kf6
37.e4 e5 38.Ke3 Rd4 39.fxe5+ Kxe5 40.exf5 Rxc4 41.dxc4 Kxf5 42.h3 Re6+ 43.Kf3 Rd6
44.Ke3 h5 45.Kf3 g5 46.Re3 h4 47.g4+ Kf6 48.Ke2 Rd4 49.Rf3+ Kg6 50.b3 Re4+
51.Kd2 Re6 52.Kd1 Rf6 53.Rxf6+ Kxf6  1/2-1/2

[Event "Oslo GM Open"]
[Site "Oslo NOR"]
[Date "2011.10.07"]
[Round "7.18"]
[White "Vaarala,E"]
[Black "Kovachev,D"]
[Result "1/2-1/2"]
[WhiteElo "2226"]
[BlackElo "2332"]

1.c4 e6 2.Nf3 d5 3.e3 Nf6 4.b3 b6 5.Bb2 Bb7 6.d4 Bd6 7.Bd3 Nbd7 8.O-O O-O
9.Nbd2 Ne4 10.Ne5 f6 11.Nxd7 Qxd7 12.Nxe4 dxe4 13.Be2 Qe7  1/2-1/2

[Event "TCh-ROU Superliga 2011"]
[Site "Brasov ROU"]
[Date "2011.10.08"]
[Round "1.5"]
[White "Grecescu,G"]
[Black "Thesing,M"]
[Result "1/2-1/2"]
[WhiteElo "2423"]
[BlackElo "2404"]

1.c4 e6 2.Nf3 d5 3.b3 Nf6 4.Bb2 Be7 5.e3 O-O 6.Be2 c5 7.O-O Nc6 8.cxd5 Nxd5
9.Nc3 Nxc3 10.Bxc3 b6 11.Qc2 Bb7 12.Qb2 Bf6 13.Bxf6 Qxf6 14.Qxf6 gxf6 15.a3 Rfd8
16.Rfd1 Ne5 17.Ne1 a5 18.f4 Nc6 19.Nc2 Rd6 20.Kf2 Rad8 21.Ke1 Ne7 22.g3 Be4
23.Ra2 Nc6 24.Rb2 e5 25.Bc4 f5 26.Na1 exf4 27.gxf4 Rg6 28.Bf1 Rg1 29.d3 Rxd3
30.Rxd3 Bxd3 31.Rg2+ Rxg2 32.Bxg2 Be4 33.Bf1 Kf8 34.Kd2 Ke7 35.Nc2 Kd6 36.Ne1 f6
37.Nd3 Bd5 38.Nc1 h6 39.Bd3 Be6 40.Bc2 b5 41.Ne2 b4 42.a4 Ne7 43.Ng3 Bd5
44.Kc1 Ke6 45.Kb2 Bf3 46.Bd3 Bd5 47.Kc2 Bg2 48.Kd2 Bh3 49.Bc4+ Kd6 50.Nh5 Nd5
51.Ng7 Bg4 52.Bd3 h5 53.h3 Bxh3 54.Nxh5 Nb6 55.Nxf6 c4 56.bxc4 Nxa4 57.e4 Nc5
58.e5+ Ke6 59.Ne8 Nxd3 60.Kxd3 Bf1+ 61.Kd4 a4 62.Nc7+ Kf7 63.e6+ Kf6 64.Nd5+ Kxe6
65.Nxb4 Kd6 66.c5+ Ke7 67.Ke5 a3 68.Kd4 Bb5 69.Ke3 Ba4 70.Kd4 Bd1 71.Ke3 Kd7
72.Kd4 Ba4 73.Kc3 Bd1 74.Kc4  1/2-1/2